| 000 | 00735nam a2200217Ii 4500 | ||
|---|---|---|---|
| 003 | JO-AjNU | ||
| 008 | 230605s9999||||xx |||||||||||||| ||und|| | ||
| 017 | _a1976/3930 | ||
| 020 | _a977-246-348-2 | ||
| 040 |
_aJO-AjNU _bara _erda _cJO-AjNU |
||
| 041 | _aara | ||
| 050 | 1 | 4 | _aPJ7814.R926.S52 |
| 100 | 3 |
_aتأليف العريان،محمد سعيد, _eauthor _98968 |
|
| 245 | 0 | 0 | _aشجرة الدر: قصة تاريخية |
| 264 | 3 | 1 | _aالقاهرة:دار المعارف،1976 |
| 300 | _a157ص | ||
| 336 |
_atext _btxt _2rdacontent |
||
| 337 |
_aunmediated _bn _2rdamedia |
||
| 338 |
_avolume _bnc _2rdacarrier |
||
| 650 | 4 |
_a القصص التاريخية العربية - مصر - تاريخ - العصر المملوكي _98969 |
|
| 999 |
_aA1058 _c4626 _d4626 |
||